| 000 | 00663nam a2200169 i 4500 | ||
|---|---|---|---|
| 001 | 151007 | ||
| 003 | ES-MaACL | ||
| 005 | 20230906203810.0 | ||
| 007 | t| | ||
| 008 | 071127s1935 fr ||||1| fre d | ||
| 100 | 1 |
_aDemaison, André. _943610 |
|
| 245 | 1 | 0 |
_aFauves / _cAndré Demaison. |
| 260 |
_aParis : _bFlammarion, _c1935. |
||
| 300 |
_a64 p. : _bil. ; _c26 cm. |
||
| 505 | 8 | _aContiene: L'origine du malentendu.--Les reptiles et sauriens.--Les mammifères.--Le lion.--Le tigre.--Panthères, léopards et onces.--Pumas et jaguars.--Les grands adversaires.--Les ennemis sournois et invisible.--Conclusion / 164 illustrations | |
| 852 |
_aES-MaACL _j1810-F-8 |
||
| 999 |
_c151007 _d151007 |
||